Guess The American Brands! #29 - Statistics

General Stats
  • This quiz has been taken 15 times
  • The average score is 8 of 24
Answer Stats
Picture Answer % Correct
Guitar Hero
77%
Make A Wish
77%
Walgreens
69%
Outlook
54%
Secret
54%
Like
46%
Star Trek
46%
Lee
38%
Time Warner
38%
Lollapalooza
31%
Tumblr
31%
Altria
23%
Dow Jones
23%
Fallout
23%
Obama
23%
BBM
15%
Free BSD
15%
Google Wave
15%
Human Rights
15%
IOS
15%
Roseart
15%
Technicolor
15%
US Army
15%
Windows Live Messenger
15%
No matching quizzes found
Score Distribution
Percent of People with Each Score
Percentile by Number Answered
Your Score History
You have not taken this quiz